000
00317nam a2200133Ia 4500
008
191201s2013 xx 000 0 und d
082
_a
657
_b
PAM
100
_a
PANDEY, I M
245
0
_a
Management Accounting
260
_a
N. Delhi
_b
Vikas Publication House
_c
2013
300
_a
608
650
_a
BBA
942
_2
ddc
_c
BK
999
_c
5931
_d
5931